[Event "Tournoi Skype 021A"]
[Site "Skype"]
[Date "????.??.??"]
[Round "2.7"]
[White "Mela, Pier Giorgio"]
[Black "Gasperoni, Claudio"]
[Result "0-1"]
[WhiteElo "1600"]
[BlackElo "1818"]
[PlyCount "131"]

1. d4 d5 2. c4 c6 3. Nf3 Nf6 4. Nc3 dxc4 5. a4 Bf5 6. e3 e6 7. Bxc4 Bb4 8. O-O
Nbd7 9. Qe2 Nb6 10. Nh4 Bg4 11. f3 Bh5 12. Bd3 Nfd5 13. Nxd5 Nxd5 14. g3 g5 15.
Ng2 Bd6 16. e4 Nb4 17. Bc4 h6 18. Be3 O-O 19. Qd2 a5 20. e5 Be7 21. f4 Nd5 22.
fxg5 hxg5 23. Bd3 Bg4 24. b3 Bb4 25. Qc1 Bc3 26. Ra2 Nxe3 27. Nxe3 Bxd4 28. Kg2
Bh5 29. Nc4 Qd5+ 30. Kh3 Bxe5 31. Qxg5+ Bg7 32. Qe3 Qd4 33. Qxd4 Bxd4 34. Nd6
Rfd8 35. Nxb7 Rdb8 36. Be4 Ra6 37. Rd2 e5 38. Nd6 Rxb3 39. Nf5 c5 40. Nxd4 cxd4
41. Rc1 Rh6 42. Kg2 Re3 43. Bd5 Rd6 44. Rc8+ Kg7 45. Ba2 Bf3+ 46. Kf1 d3 47.
Rc7 Rf6 48. Rf2 d2 49. Rxd2 Be2+ 50. Kg2 Bf1+ 51. Kg1 Bh3 52. Rc1 Ref3 53. Bc4
e4 54. Rd4 e3 55. Re4 Rf2 56. Rxe3 Rg2+ 57. Kh1 Rff2 58. Bd5 Rxh2+ 59. Kg1 Bd7
60. Re7 Bxa4 61. Ra1 Bc2 62. Rxa5 Bg6 63. g4 Rd2 64. Ra4 Rh3 65. Bc6 Rc3 66.
Bb5 0-1

[Event "Tournoi Skype 021A"]
[Site "Skype"]
[Date "????.??.??"]
[Round "2.8"]
[White "Karia, Vijay"]
[Black "Sepulveda, Lyda Marcela"]
[Result "1-0"]
[WhiteElo "1818"]
[BlackElo "1628"]
[PlyCount "23"]

1. e4 e5 2. Bc4 Bc5 3. Nc3 Nf6 4. d3 d6 5. f4 Ng4 6. f5 Nf2 7. Qh5 O-O 8. Nf3
h6 9. Bxh6 gxh6 10. Qg6+ Kh8 11. Qxh6+ Kg8 12. f6 1-0

[Event "Tournoi Skype 021A"]
[Site "Skype"]
[Date "????.??.??"]
[Round "2.9"]
[White "Fernandez Cabello, Emilio"]
[Black "Lopez, Jose Luis"]
[Result "0-1"]
[WhiteElo "1524"]
[BlackElo "1816"]
[PlyCount "40"]

1. e4 c5 2. Nc3 e6 3. f4 Nc6 4. Nf3 Nge7 5. Bc4 d5 6. Bb5 a6 7. Be2 d4 8. Nb1
Ng6 9. d3 Be7 10. O-O O-O 11. b3 e5 12. g3 f5 13. fxe5 Ngxe5 14. Nxe5 Nxe5 15.
exf5 Bxf5 16. Nd2 Qd7 17. Nc4 Nxc4 18. bxc4 Bh3 19. Rxf8+ Rxf8 20. Bb2 Qc6 0-1

[Event "Tournoi Skype 021A"]
[Site "Skype"]
[Date "????.??.??"]
[Round "2.10"]
[White "Engstrom, Olle"]
[Black "Diaz, Jose Garcia"]
[Result "1-0"]
[WhiteElo "1788"]
[BlackElo "1515"]
[PlyCount "93"]

1. e4 e6 2. d4 d5 3. Nd2 dxe4 4. Nxe4 Be7 5. Nf3 h6 6. Bd3 Nf6 7. O-O O-O 8. c3
b6 9. Nxf6+ Bxf6 10. Qe2 Bb7 11. Ne5 Nd7 12. Rd1 Qe7 13. Nxd7 Qxd7 14. Qg4 Kh8
15. Qh3 Qd5 16. f3 Rab8 17. Bxh6 Rfe8 18. Be4 Qd7 19. Bg5+ Kg8 20. Qh7+ Kf8 21.
Qh8+ Ke7 22. Qxg7 Bxg5 23. Qxg5+ f6 24. Qg7+ Kd8 25. Qxf6+ Qe7 26. Qxe7+ Rxe7
27. Bxb7 Rxb7 28. Re1 Kd7 29. Re4 c6 30. c4 b5 31. c5 Rb8 32. Rae1 Rg8 33. R1e2
Rg6 34. f4 Rf7 35. g3 a5 36. Rf2 Rh7 37. Rf3 Rgh6 38. h4 Rg6 39. Kf2 Rg4 40.
Re5 Re7 41. Rg5 Rxg5 42. fxg5 Rg7 43. Ke3 Ke7 44. Ke4 Rg6 45. Ke5 a4 46. Ke4 b4
47. Kd3 1-0

[Event "Tournoi Skype 021A"]
[Site "Skype"]
[Date "????.??.??"]
[Round "2.11"]
[White "Duthoit, Bernard"]
[Black "Thoune, Jim"]
[Result "0-1"]
[WhiteElo "1468"]
[BlackElo "1766"]
[PlyCount "56"]

1. e4 e6 2. d4 d5 3. e5 c5 4. c3 Nc6 5. Nf3 Qb6 6. Qb3 c4 7. Qxb6 axb6 8. Nbd2
f6 9. b3 b5 10. b4 fxe5 11. Nxe5 Nf6 12. Nxc6 bxc6 13. g3 Bd6 14. Bg2 e5 15.
dxe5 Bxe5 16. Bb2 h6 17. O-O O-O 18. Rfe1 Bd6 19. a3 Ng4 20. h3 Ne5 21. f4 Nd3
22. Reb1 Re8 23. Nf3 Nxb2 24. Rxb2 Re3 25. Rc2 Bf5 26. Rcc1 Be4 27. Nd4 Rxg3
28. Ra2 Bxf4 0-1

[Event "Tournoi Skype 021A"]
[Site "Skype"]
[Date "????.??.??"]
[Round "2.12"]
[White "Montenegro, Juan Carlos"]
[Black "Mitrani, Alberto"]
[Result "1-0"]
[WhiteElo "1735"]
[BlackElo "1505"]
[PlyCount "55"]

1. d4 Nf6 2. c4 e6 3. Nf3 Bb4+ 4. Bd2 Bxd2+ 5. Nbxd2 d5 6. e3 c6 7. Bd3 Nbd7 8.
O-O O-O 9. Qc2 g6 10. Rfe1 c5 11. cxd5 exd5 12. dxc5 Nxc5 13. Qxc5 Be6 14. Ng5
Nd7 15. Nxe6 fxe6 16. Qd6 Rf6 17. Bb5 Nb6 18. Qxd8+ Rxd8 19. Nf3 a6 20. Be2
Rdf8 21. b3 Nd7 22. Rac1 e5 23. Rf1 e4 24. Ng5 h6 25. Nh3 b5 26. Rc7 Ne5 27.
Nf4 Rd6 28. Rc5 1-0

[Event "Tournoi Skype 021A"]
[Site "Skype"]
[Date "????.??.??"]
[Round "2.14"]
[White "Deville, Olivier"]
[Black "Sahrane, Juba"]
[Result "1-0"]
[WhiteElo "1991"]
[BlackElo "1621"]
[PlyCount "69"]

1. c4 c5 2. Nf3 Nf6 3. Nc3 b6 4. e4 d6 5. d4 cxd4 6. Nxd4 Bb7 7. f3 e6 8. Be2
Be7 9. O-O O-O 10. Be3 Nbd7 11. Qd2 Rc8 12. Rac1 Qc7 13. Rfd1 Ne5 14. b3 Nc6
15. Nd5 exd5 16. cxd5 Qd7 17. dxc6 Rxc6 18. Bb5 Rfc8 19. Nxc6 Bxc6 20. Rxc6
Rxc6 21. Bxc6 Qxc6 22. Rc1 Qb7 23. Qc2 g6 24. Bh6 Nd7 25. Qc8+ Qxc8 26. Rxc8+
Bf8 27. Bxf8 Nxf8 28. Ra8 f5 29. exf5 Kg7 30. Rxa7+ Kf6 31. fxg6 hxg6 32. Rb7
d5 33. Rxb6+ Ne6 34. Kf2 d4 35. Ke2 1-0

[Event "Tournoi Skype 021A"]
[Site "Skype"]
[Date "????.??.??"]
[Round "2.15"]
[White "Hague, Mark"]
[Black "Murgia, Stefano"]
[Result "0-1"]
[WhiteElo "1506"]
[BlackElo "1666"]
[PlyCount "76"]

1. d4 f5 2. f4 Nf6 3. Nf3 d6 4. Nc3 e6 5. e3 Be7 6. Bd3 O-O 7. O-O b6 8. e4
fxe4 9. Nxe4 Bb7 10. Nxf6+ Bxf6 11. c3 Nd7 12. Qc2 h6 13. Bh7+ Kh8 14. Bd2 Rf7
15. Bg6 Re7 16. Rf2 Nf8 17. Raf1 Nxg6 18. Qxg6 Qe8 19. Qg3 Qh5 20. h4 Rae8 21.
Nh2 Bxh4 22. Qe3 Bxf2+ 23. Rxf2 e5 24. fxe5 dxe5 25. d5 Bxd5 26. g4 Qg6 27. g5
Rf7 28. Rxf7 Bxf7 29. Ng4 e4 30. Qh3 h5 31. Qh2 Kg8 32. Ne5 Qf5 33. Nxf7 Qxf7
34. Be3 Qf3 35. Qf2 Rf8 36. Qxf3 Rxf3 37. Bf2 e3 38. Bh4 Rf4 0-1

[Event "Tournoi Skype 021A"]
[Site "Skype"]
[Date "????.??.??"]
[Round "2.16"]
[White "Jogi, Kalpesh"]
[Black "Khetre, Gaurav"]
[Result "1/2-1/2"]
[WhiteElo "1503"]
[BlackElo "1617"]
[PlyCount "67"]

1. e4 e6 2. d4 d5 3. exd5 exd5 4. Bd3 Bd6 5. Nf3 Nf6 6. O-O O-O 7. Bg5 Bg4 8.
Nbd2 Nbd7 9. c3 c6 10. Qc2 Qc7 11. Rae1 Rae8 12. Rxe8 Rxe8 13. h3 Bh5 14. a3
Bg6 15. c4 Bf4 16. Bxf4 Qxf4 17. Bxg6 hxg6 18. c5 Ne4 19. Re1 Ndf6 20. Nxe4
Rxe4 21. Qc3 Rxe1+ 22. Qxe1 Ne4 23. b3 f6 24. Kf1 Kf7 25. Qe3 Qf5 26. b4 g5 27.
Qc1 g4 28. hxg4 Qxg4 29. a4 Qd7 30. Qb2 a6 31. Kg1 Qe8 32. Qb3 Qd7 33. Kf1 g5
34. Qe3 1/2-1/2

[Event "Tournoi Skype 021A"]
[Site "Skype"]
[Date "????.??.??"]
[Round "2.17"]
[White "Mordaa, Ahmad"]
[Black "Segura Lozano, Marcos Antonio"]
[Result "1-0"]
[WhiteElo "1412"]
[BlackElo "1889"]
[PlyCount "59"]

1. e4 d6 2. Nf3 g6 3. Bc4 e6 4. c3 d5 5. exd5 exd5 6. Qe2+ Be6 7. Bb3 Nd7 8.
Bxd5 Nc5 9. Bc4 Qe7 10. Bxe6 Nxe6 11. d4 O-O-O 12. O-O h6 13. Re1 g5 14. Ne5
Re8 15. Na3 h5 16. Nb5 a6 17. Na7+ Kd8 18. Nac6+ bxc6 19. Nxc6+ Kd7 20. Nxe7
Rxe7 21. Qxa6 Bh6 22. b3 g4 23. Ba3 Re8 24. Qb5+ Kd8 25. d5 Ng7 26. Rxe8+ Nxe8
27. Re1 Ngf6 28. Be7+ Kc8 29. Qa6+ Kd7 30. Bxf6 1-0

[Event "Tournoi Skype 021A"]
[Site "Skype"]
[Date "????.??.??"]
[Round "2.18"]
[White "Salazar Ticeran, Antonio"]
[Black "Casey, Eamonn"]
[Result "0-1"]
[WhiteElo "1578"]
[BlackElo "1715"]
[PlyCount "50"]

1. e4 e6 2. d4 d5 3. e5 c5 4. c3 Ne7 5. Bd3 Nbc6 6. Nf3 cxd4 7. cxd4 Bd7 8. O-O
Nb4 9. Nc3 Nxd3 10. Qxd3 Nf5 11. g4 Nh4 12. Nxh4 Qxh4 13. Qg3 Qxg3+ 14. fxg3
Be7 15. Be3 f6 16. Rf3 fxe5 17. dxe5 Bc6 18. Raf1 d4 19. Bxd4 Bxf3 20. Rxf3 Rf8
21. Rd3 b6 22. Ne4 Rc8 23. Bc3 Bc5+ 24. Nxc5 Rxc5 25. a3 a5 0-1

[Event "Tournoi Skype 021A"]
[Site "Skype"]
[Date "????.??.??"]
[Round "2.19"]
[White "Martinez, Jose Abel"]
[Black "Alvarez, Juan Evangelista"]
[Result "1-0"]
[WhiteElo "1690"]
[BlackElo "1588"]
[PlyCount "55"]

1. e4 Nf6 2. e5 Nd5 3. d4 d6 4. Nf3 Nc6 5. c4 Nb6 6. Nc3 dxe5 7. d5 Na5 8. c5
Nbc4 9. b4 c6 10. bxa5 cxd5 11. Bxc4 dxc4 12. Qxd8+ Kxd8 13. Nxe5 Be6 14. O-O
f6 15. Nf3 g5 16. h3 h5 17. Nd4 Bd7 18. Be3 e5 19. Nc2 Rc8 20. Rab1 Bc6 21. Nb4
Rh7 22. Nbd5 Bg7 23. Rfd1 Ke8 24. Ne4 Bxd5 25. Rxd5 Ke7 26. Rxb7+ Ke6 27. Rd6+
Kf5 28. Ng3+ 1-0

[Event "Tournoi Skype 021A"]
[Site "Skype"]
[Date "????.??.??"]
[Round "2.20"]
[White "Farthouat, Titoine"]
[Black "Gharbi, Said"]
[Result "1-0"]
[WhiteElo "1667"]
[BlackElo "1564"]
[PlyCount "79"]

1. e4 d5 2. exd5 Qxd5 3. Nf3 Bg4 4. Be2 Nf6 5. c4 Qa5 6. Nc3 e6 7. Qa4+ Nc6 8.
Qxa5 Nxa5 9. Nb5 Bd6 10. c5 a6 11. cxd6 axb5 12. Bxb5+ c6 13. Be2 b5 14. d4 h6
15. O-O Rd8 16. Bf4 Ne4 17. Rac1 Nxd6 18. b4 Bxf3 19. Bxf3 Nac4 20. Bxc6+ Ke7
21. Rfe1 Nb2 22. Bxd6+ Rxd6 23. Bxb5 Rxd4 24. a3 Rhd8 25. h3 Ra8 26. Rc2 Nd3
27. Rd1 Rxa3 28. Rcd2 Rxb4 29. Rxd3 Ra2 30. Bc6 Rbb2 31. Rf3 f5 32. g4 g6 33.
Re1 Kf6 34. gxf5 exf5 35. Bd5 Ra5 36. Re6+ Kg5 37. Rg3+ Kh4 38. Rexg6 Kh5 39.
Bf3+ Kh4 40. Rxh6# 1-0

[Event "Tournoi Skype 021A"]
[Site "Skype"]
[Date "????.??.??"]
[Round "2.21"]
[White "Bendre, Pankaj"]
[Black "Carballo, Jorge"]
[Result "1-0"]
[WhiteElo "1558"]
[BlackElo "1630"]
[PlyCount "51"]

1. e4 e5 2. Nf3 Nc6 3. Bc4 Be7 4. c3 Nf6 5. d3 O-O 6. O-O d5 7. exd5 Nxd5 8.
Nbd2 Nb6 9. Qc2 Bf5 10. Bb5 Qd5 11. Bxc6 bxc6 12. Ne4 Bxe4 13. dxe4 Qc4 14.
Nxe5 Qe6 15. Nf3 Rfd8 16. Bf4 Rd7 17. Nd4 Qc4 18. Rfd1 Rad8 19. b3 Qc5 20. Be3
Qh5 21. Nf3 Rxd1+ 22. Rxd1 Rxd1+ 23. Qxd1 Qg6 24. Bxb6 cxb6 25. Qd7 Qxe4 26.
Qe8+ 1-0

[Event "Tournoi Skype 021A"]
[Site "Skype"]
[Date "????.??.??"]
[Round "2.22"]
[White "Aranzubia, Desiderio"]
[Black "Prasad Singh, Ambika"]
[Result "1/2-1/2"]
[WhiteElo "1542"]
[BlackElo "1627"]
[PlyCount "55"]

1. d4 Nf6 2. c4 g6 3. Nc3 Bg7 4. Bf4 O-O 5. Qd2 d6 6. Bh6 Nbd7 7. Bxg7 Kxg7 8.
Nf3 Nb6 9. e3 Bd7 10. Be2 Na4 11. O-O Nxc3 12. Qxc3 Ne4 13. Qd3 f5 14. Nd2 Nxd2
15. Qxd2 c6 16. Rac1 Rc8 17. Bf3 Rf7 18. Qc3 d5 19. cxd5 cxd5 20. Qb4 Bc6 21.
Rc3 e6 22. Rfc1 Qf8 23. Qa5 a6 24. Bd1 Qd8 25. Qc5 Qe7 26. Qb6 Qd8 27. Qc5 Rfc7
28. Qb6 1/2-1/2

[Event "Tournoi Skype 021A"]
[Site "Skype"]
[Date "????.??.??"]
[Round "2.23"]
[White "L'Herbon De Lussats, Jean"]
[Black "Luna Perez Vico, Lorenzo"]
[Result "1/2-1/2"]
[WhiteElo "1618"]
[BlackElo "1554"]
[PlyCount "75"]

1. e4 c5 2. c4 Nc6 3. Nf3 d6 4. d4 cxd4 5. Nxd4 Bd7 6. Nc3 e6 7. Ndb5 Bc8 8.
Bf4 e5 9. Bg3 a6 10. Na3 Nf6 11. Qc2 Nd4 12. Qd3 Bd7 13. Nc2 Nxc2+ 14. Qxc2 Nh5
15. O-O-O Nxg3 16. hxg3 Bc6 17. f4 Qc7 18. Nd5 Bxd5 19. Rxd5 Be7 20. a3 Rc8 21.
Kb1 Qb6 22. Qa4+ Rc6 23. Qc2 Qc7 24. Bd3 Bf6 25. f5 Rc5 26. Rc1 O-O 27. Qe2 Rc8
28. Rc2 Rxd5 29. cxd5 Qd7 30. g4 Rxc2 31. Qxc2 Bd8 32. Qf2 Qe7 33. Be2 Qh4 34.
Qg1 Qg3 35. Bf3 Kf8 36. Qc1 Qh4 37. Qc8 Qe7 38. Qc1 1/2-1/2

[Event "Tournoi Skype 021A"]
[Site "Skype"]
[Date "????.??.??"]
[Round "2.24"]
[White "Murolo, Antonio"]
[Black "Cossalter, Maurizio"]
[Result "1-0"]
[WhiteElo "1614"]
[BlackElo "1539"]
[PlyCount "37"]

1. d4 d5 2. Nf3 Nf6 3. Bf4 e6 4. e3 Nbd7 5. Nbd2 c5 6. c3 cxd4 7. exd4 Be7 8.
Bd3 O-O 9. h3 Nb6 10. O-O Bd6 11. Ne5 Nfd7 12. Nxf7 Rxf7 13. Bxd6 Nf6 14. Bg3
Qe8 15. Nf3 Rf8 16. Qc2 h6 17. Ne5 Qh5 18. Bg6 Qg5 19. h4 1-0

[Event "Tournoi Skype 021A"]
[Site "Skype"]
[Date "????.??.??"]
[Round "2.26"]
[White "Thacker, Stephen"]
[Black "Khunte, Aniruddha"]
[Result "0-1"]
[WhiteElo "1600"]
[BlackElo "1494"]
[PlyCount "50"]

1. e4 e5 2. Nf3 Nc6 3. Bb5 Bc5 4. c3 Nf6 5. d4 exd4 6. cxd4 Nxd4 7. Nxd4 Nxe4
8. O-O Qf6 9. Nf3 O-O 10. Qd5 Re8 11. Bd3 Nxf2 12. Rxf2 Re1+ 13. Bf1 Rxc1 14.
Nc3 Bxf2+ 15. Kxf2 Rxa1 16. Bd3 d6 17. Qe4 g6 18. h3 c6 19. Qe8+ Kg7 20. Kg3
Rh1 21. a3 d5 22. Ne5 Qg5+ 23. Kf2 Qf4+ 24. Nf3 Rh2 25. Ne2 Rxg2+ 0-1

[Event "Tournoi Skype 021A"]
[Site "Skype"]
[Date "????.??.??"]
[Round "2.27"]
[White "Kruk, Clementine"]
[Black "Perrone, Gabriel Lorenzo"]
[Result "1/2-1/2"]
[WhiteElo "1599"]
[BlackElo "1469"]
[PlyCount "82"]

1. e4 e5 2. Nf3 Nc6 3. Bc4 Bc5 4. c3 Nf6 5. d4 exd4 6. cxd4 Bb4+ 7. Bd2 Nxe4 8.
Bxb4 Nxb4 9. Qb3 d5 10. Bb5+ Nc6 11. Ne5 O-O 12. Nxc6 bxc6 13. Bxc6 Bb7 14.
Bxb7 Rb8 15. Qxd5 Nd6 16. Ba6 Qe7+ 17. Qe5 Rfe8 18. Qxe7 Rxe7+ 19. Kd1 Rxb2 20.
Re1 Ne4 21. Re2 Nxf2+ 22. Ke1 Rexe2+ 23. Bxe2 Ne4 24. Bf3 Ng5 25. Bd5 Rb4 26.
Nc3 Rxd4 27. Rd1 Rh4 28. h3 g6 29. Nb5 c5 30. Nxa7 Ra4 31. Nc6 c4 32. Rc1 Rxa2
33. Rxc4 Ra1+ 34. Ke2 Ra2+ 35. Ke3 Ra3+ 36. Kf4 Nxh3+ 37. gxh3 Rxh3 38. Ne5
Rh4+ 39. Kg3 Rxc4 40. Bxc4 Kg7 41. Bxf7 Kf6 1/2-1/2

[Event "Tournoi Skype 021A"]
[Site "Skype"]
[Date "????.??.??"]
[Round "2.29"]
[White "Perez Fermin, Jose"]
[Black "Yardimci, Ertan"]
[Result "1/2-1/2"]
[WhiteElo "1595"]
[BlackElo "1445"]
[PlyCount "85"]

1. d4 Nf6 2. f4 d5 3. Nf3 Bf5 4. e3 e6 5. Bd3 Bxd3 6. Qxd3 c6 7. Nbd2 Nbd7 8.
O-O Bd6 9. Ne5 O-O 10. Ndf3 h6 11. f5 Ne4 12. fxe6 fxe6 13. Bd2 Ndf6 14. Be1
Qc7 15. c3 Nd7 16. Nxd7 Qxd7 17. Nd2 Rxf1+ 18. Qxf1 Rf8 19. Qd3 Qf7 20. Nxe4
dxe4 21. Qe2 Qf6 22. g3 Qf3 23. Qxf3 exf3 24. h3 h5 25. h4 Rf5 26. Kf2 e5 27.
e4 Rf7 28. Bd2 g6 29. Re1 Kg7 30. Re3 exd4 31. Rxf3 Rxf3+ 32. Kxf3 dxc3 33.
Bxc3+ Kf7 34. b3 Ke6 35. a4 Be5 36. Bd2 Bf6 37. Kf4 Bd4 38. Be1 Kf6 39. g4 Be5+
40. Kf3 Bd6 41. Bc3+ Be5 42. Bd2 Bd6 43. Bc3+ 1/2-1/2

[Event "Tournoi Skype 021A"]
[Site "Skype"]
[Date "????.??.??"]
[Round "3.1"]
[White "Siret, Bernard"]
[Black "Karia, Vijay"]
[Result "1/2-1/2"]
[WhiteElo "2012"]
[BlackElo "1818"]
[PlyCount "23"]

1. e4 d5 2. d4 dxe4 3. Nc3 Bf5 4. f3 exf3 5. Nxf3 c6 6. Bc4 e6 7. O-O Nf6 8.
Ne5 Nbd7 9. Rxf5 exf5 10. Nxf7 Qe7 11. Nxh8 O-O-O 12. Nf7 1/2-1/2

[Event "Tournoi Skype 021A"]
[Site "Skype"]
[Date "????.??.??"]
[Round "3.2"]
[White "Ibarra Cantu, Raul Alberto"]
[Black "Engstrom, Olle"]
[Result "1/2-1/2"]
[WhiteElo "1941"]
[BlackElo "1788"]
[PlyCount "94"]

1. d4 Nf6 2. c4 g6 3. Nc3 d5 4. e3 Bg7 5. Nf3 O-O 6. Bd3 c6 7. h3 dxc4 8. Bxc4
b5 9. Bd3 a6 10. O-O Bb7 11. e4 c5 12. dxc5 b4 13. Na4 Nbd7 14. Qc2 Rc8 15. Bd2
a5 16. Rac1 Bc6 17. Be3 Bxa4 18. Qxa4 Nxc5 19. Bxc5 Qxd3 20. Bxe7 Rxc1 21. Rxc1
Ra8 22. Bxf6 Bxf6 23. Qc6 Qd8 24. e5 Be7 25. Nd4 Kg7 26. Nb5 Bg5 27. Rc2 Qd1+
28. Kh2 Rd8 29. g3 Rd2 30. Rxd2 Qxd2 31. Kg2 Qxb2 32. Qd5 Be3 33. Qf3 Bg5 34.
Nd6 Qxa2 35. h4 Be7 36. h5 Qe6 37. h6+ Kxh6 38. Qf4+ Kg7 39. Qd4 Bd8 40. f4
Qa2+ 41. Kh3 Qe6+ 42. g4 Qb3+ 43. Kh2 Qc2+ 44. Kh1 Qc1+ 45. Kg2 Qc2+ 46. Kh1
Qc1+ 47. Kg2 Qc2+ 1/2-1/2

[Event "Tournoi Skype 021A"]
[Site "Skype"]
[Date "????.??.??"]
[Round "3.3"]
[White "Gasperoni, Claudio"]
[Black "Rico Hernandez, Edgar"]
[Result "1/2-1/2"]
[WhiteElo "1818"]
[BlackElo "1899"]
[PlyCount "41"]

1. d4 d5 2. Nf3 Nf6 3. e3 Bf5 4. c4 e6 5. Nc3 Nbd7 6. cxd5 exd5 7. Qb3 Nb6 8.
Ne5 c6 9. Be2 Bd6 10. f4 Ne4 11. O-O Nxc3 12. bxc3 O-O 13. c4 dxc4 14. Nxc4 Be6
15. f5 Bd5 16. Qc2 Nxc4 17. Bxc4 Bxc4 18. Qxc4 Qh4 19. g3 Bxg3 20. hxg3 Qxg3+
21. Kh1 1/2-1/2

[Event "Tournoi Skype 021A"]
[Site "Skype"]
[Date "????.??.??"]
[Round "3.4"]
[White "Hilton, Stephen"]
[Black "Montenegro, Juan Carlos"]
[Result "1/2-1/2"]
[WhiteElo "1883"]
[BlackElo "1735"]
[PlyCount "44"]

1. d4 e6 2. Bf4 d5 3. e3 Nf6 4. Nd2 Bd6 5. Bg3 O-O 6. Ngf3 Nbd7 7. Bd3 Re8 8.
Ne5 c5 9. c3 cxd4 10. exd4 Qc7 11. Ndf3 Ne4 12. Nxd7 Bxd7 13. Bxd6 Nxd6 14. Ne5
Bb5 15. Bxb5 Nxb5 16. Qd3 a6 17. O-O Nd6 18. Rae1 Nc4 19. Re2 f6 20. Nxc4 Qxc4
21. Qxc4 dxc4 22. f4 f5 1/2-1/2

[Event "Tournoi Skype 021A"]
[Site "Skype"]
[Date "????.??.??"]
[Round "3.5"]
[White "Ricieri, Vinicius"]
[Black "Le Brun, Yves"]
[Result "1-0"]
[WhiteElo "1881"]
[BlackElo "1445"]
[PlyCount "73"]

1. e4 e5 2. Nf3 d6 3. d4 Bg4 4. dxe5 Nd7 5. Be2 Nxe5 6. Nxe5 Bxe2 7. Qxe2 dxe5
8. Qb5+ c6 9. Qxb7 Ne7 10. O-O Qb8 11. Qxb8+ Rxb8 12. b3 f6 13. c4 Ng6 14. Be3
Rb7 15. Rd1 Bb4 16. a3 Be7 17. b4 O-O 18. Nc3 Re8 19. Ne2 Nf8 20. Ng3 Ne6 21.
Nf5 Bf8 22. Rd2 g6 23. Nd6 Bxd6 24. Rxd6 Kf7 25. Rxc6 Rd8 26. Kf1 Rbd7 27. c5
Ke7 28. Ke2 Rd3 29. Ra6 Nf4+ 30. Bxf4 exf4 31. Rxa7+ Ke6 32. Rxh7 Rd2+ 33. Ke1
R2d3 34. c6 Ke5 35. b5 Kxe4 36. c7 Rc8 37. Rb1 1-0

[Event "Tournoi Skype 021A"]
[Site "Skype"]
[Date "????.??.??"]
[Round "3.6"]
[White "Lopez, Jose Luis"]
[Black "Altinok, Selim"]
[Result "1-0"]
[WhiteElo "1816"]
[BlackElo "1818"]
[PlyCount "65"]

1. d4 Nf6 2. Bg5 Ne4 3. Bf4 e6 4. Nd2 Nxd2 5. Qxd2 d5 6. e3 Nd7 7. h3 c5 8. Nf3
Qb6 9. c3 c4 10. Be2 Nf6 11. Qc2 Bd7 12. Ne5 Bd6 13. b3 cxb3 14. axb3 Rc8 15.
O-O O-O 16. Nxd7 Nxd7 17. Bxd6 Qxd6 18. Rxa7 Qb6 19. Rfa1 f5 20. c4 Nf6 21. c5
Qc7 22. Bd3 g5 23. b4 f4 24. exf4 gxf4 25. Qe2 Qf7 26. b5 Rc7 27. c6 Re8 28.
Qe5 Ree7 29. Rxb7 Rxb7 30. cxb7 Rxb7 31. Ra8+ Kg7 32. Qg5+ Qg6 33. Bxg6 1-0

[Event "Tournoi Skype 021A"]
[Site "Skype"]
[Date "????.??.??"]
[Round "3.7"]
[White "Thoune, Jim"]
[Black "Deville, Olivier"]
[Result "0-1"]
[WhiteElo "1766"]
[BlackElo "1991"]
[PlyCount "52"]

1. d4 Nf6 2. c4 e6 3. Nc3 Bb4 4. Qc2 c5 5. e3 b6 6. Nf3 Bb7 7. Be2 O-O 8. O-O
d5 9. a3 cxd4 10. exd4 Be7 11. cxd5 Nxd5 12. Nxd5 Bxd5 13. Ne5 Bf6 14. Bf4 Nd7
15. Rfd1 Nxe5 16. dxe5 Bg5 17. Bg3 Rc8 18. Qa4 Qc7 19. f4 Be7 20. b4 Qc2 21.
Qa6 Qe4 22. Rxd5 Qxd5 23. Rd1 Qe4 24. Bf3 Qe3+ 25. Kh1 Rfd8 26. Rf1 Rc1 0-1

[Event "Tournoi Skype 021A"]
[Site "Skype"]
[Date "????.??.??"]
[Round "3.8"]
[White "Murgia, Stefano"]
[Black "Mordaa, Ahmad"]
[Result "1-0"]
[WhiteElo "1666"]
[BlackElo "1412"]
[PlyCount "35"]

1. e4 e5 2. d4 exd4 3. Qxd4 Nc6 4. Qe3 Qf6 5. Nc3 Bb4 6. Bd2 d6 7. O-O-O Be6 8.
f4 O-O-O 9. Nf3 Bc5 10. Qe1 Nh6 11. f5 Bd7 12. Bg5 Qe5 13. Nxe5 Nxe5 14. Bxd8
Rxd8 15. Nd5 Nhg4 16. Qh4 f6 17. b4 Bd4 18. Rxd4 1-0

[Event "Tournoi Skype 021A"]
[Site "Skype"]
[Date "????.??.??"]
[Round "3.10"]
[White "Mela, Pier Giorgio"]
[Black "Saponara, Jose Maria"]
[Result "1-0"]
[WhiteElo "1600"]
[BlackElo "1722"]
[PlyCount "69"]

1. d4 Nf6 2. c4 e5 3. dxe5 Ng4 4. Bf4 Nc6 5. Nf3 Bb4+ 6. Nc3 Qe7 7. Qd5 Bc5 8.
e3 O-O 9. Bg5 Nb4 10. Bxe7 Nxd5 11. Bxc5 Nxc3 12. Bxf8 Kxf8 13. bxc3 b6 14. h3
Nh6 15. Bd3 Bb7 16. Bxh7 Bxf3 17. gxf3 g6 18. Rd1 Ke7 19. Rg1 Rh8 20. Bxg6 fxg6
21. Rxg6 Nf7 22. f4 Rxh3 23. Ke2 Rh7 24. Kf3 Nd8 25. Rdg1 Rh8 26. Rg7+ Nf7 27.
f5 Kf8 28. Ke4 c6 29. f3 Rh4+ 30. f4 Rh8 31. e6 dxe6 32. fxe6 Nd6+ 33. Kd3 Nc8
34. Rf7+ Ke8 35. Rc7 1-0

[Event "Tournoi Skype 021A"]
[Site "Skype"]
[Date "????.??.??"]
[Round "3.11"]
[White "Casey, Eamonn"]
[Black "Bendre, Pankaj"]
[Result "1-0"]
[WhiteElo "1715"]
[BlackElo "1558"]
[PlyCount "61"]

1. d4 Nf6 2. c4 e6 3. Nc3 Bb4 4. a3 Bxc3+ 5. bxc3 b6 6. Bg5 Bb7 7. e3 O-O 8.
Nf3 d5 9. cxd5 Bxd5 10. c4 Bb7 11. Bd3 Nbd7 12. O-O Qe8 13. Qc2 Rc8 14. e4 h6
15. Bxf6 Nxf6 16. Ne5 c5 17. Nf3 cxd4 18. Nxd4 e5 19. Nb5 Qe7 20. Nxa7 Ra8 21.
Nb5 Rfc8 22. a4 Nh5 23. Nc3 Nf4 24. Rfd1 Qg5 25. f3 Ne6 26. Nd5 Nd4 27. Qf2 Rc5
28. Nxb6 Ra6 29. Nd5 Rca5 30. c5 Rxa4 31. Bxa6 1-0

[Event "Tournoi Skype 021A"]
[Site "Skype"]
[Date "????.??.??"]
[Round "3.12"]
[White "Diaz, Jose Garcia"]
[Black "Martinez, Jose Abel"]
[Result "1-0"]
[WhiteElo "1515"]
[BlackElo "1690"]
[PlyCount "89"]

1. e4 e6 2. f4 d5 3. e5 Bc5 4. Nf3 Bb6 5. d4 c5 6. c3 Nc6 7. Bb5 Nge7 8. Be3
Nf5 9. Bf2 h5 10. Bxc6+ bxc6 11. dxc5 Bc7 12. O-O Ba6 13. Re1 Rb8 14. b4 Bc8
15. Nd4 h4 16. Nxc6 Qd7 17. Nxb8 Bxb8 18. Nd2 Bb7 19. Nf3 Bc7 20. a4 Bd8 21. b5
Qe7 22. c6 Bc8 23. Nd4 Rh6 24. Nxf5 exf5 25. Bxa7 Qxa7+ 26. Kh1 Be6 27. a5 Qc5
28. Qa4 Rg6 29. a6 Qf2 30. Rg1 h3 31. Ra2 Qa7 32. Qb3 Bb6 33. Rc1 d4 34. c4 Rg4
35. Qxh3 Rxf4 36. Qh8+ Ke7 37. Qxg7 Rg4 38. Qf6+ Ke8 39. Qh8+ Ke7 40. c5 Bxc5
41. Rac2 Bb6 42. c7 Bxc7 43. Rxc7+ Bd7 44. Qf6+ Ke8 45. Rxa7 1-0

[Event "Tournoi Skype 021A"]
[Site "Skype"]
[Date "????.??.??"]
[Round "3.13"]
[White "Khunte, Aniruddha"]
[Black "Farthouat, Titoine"]
[Result "0-1"]
[WhiteElo "1494"]
[BlackElo "1667"]
[PlyCount "22"]

1. e4 c5 2. Nf3 Nc6 3. d4 cxd4 4. Nxd4 g6 5. Nc3 Bg7 6. Nb3 Nf6 7. Bf4 O-O 8.
Nb5 d6 9. h3 Nxe4 10. c3 Qb6 11. Bd3 Qxf2# 0-1

[Event "Tournoi Skype 021A"]
[Site "Skype"]
[Date "????.??.??"]
[Round "3.14"]
[White "Mitrani, Alberto"]
[Black "Trivedi, Viral"]
[Result "0-1"]
[WhiteElo "1505"]
[BlackElo "1664"]
[PlyCount "96"]

1. c4 Nf6 2. g3 g6 3. Bg2 d5 4. cxd5 Nxd5 5. Nc3 Nxc3 6. bxc3 Bg7 7. d4 c5 8.
Nf3 Nc6 9. Bb2 O-O 10. d5 Nb4 11. e4 Qb6 12. O-O Nxd5 13. exd5 Qxb2 14. c4 Qa3
15. Rc1 Qxa2 16. Rc2 Qa4 17. Qe2 Bf5 18. Ra2 Qd7 19. Ne5 Qc8 20. Re1 Rd8 21. g4
Bxe5 22. gxf5 Bf6 23. fxg6 fxg6 24. Qf3 Rf8 25. Bh3 Qc7 26. Be6+ Kh8 27. Ree2
Qb6 28. Qe4 Bd4 29. Qd3 Qd6 30. Kg2 Qf4 31. Re4 Qg5+ 32. Rg4 Qf6 33. f3 Qg7 34.
h4 Qh6 35. Qe4 Rf6 36. f4 a6 37. f5 gxf5 38. Bxf5 Rg8 39. Rxg8+ Kxg8 40. Kh3
Qe3+ 41. Qxe3 Bxe3 42. Rg2+ Kh8 43. Be6 Rg6 44. Bf7 Rxg2 45. Kxg2 Kg7 46. Be6
a5 47. Bd7 Kf6 48. Kf3 Bh6 0-1